| Tag |
First Indicator |
Second Indicator |
Subfields |
| LEADER |
00000cam a2200000 a 4500 |
| 001 |
in00000015487 |
| 005 |
20151007052528.0 |
| 008 |
871123s1987 ohua b 10010 eng d |
| 010 |
|
|
|a 87071686
|
| 020 |
|
|
|a 0871703041
|
| 035 |
|
|
|a (OCoLC)17015283
|
| 035 |
|
|
|9 AAA8153AM
|
| 040 |
|
|
|a GYA
|c GYA
|d OCL
|d TXA
|d UtOrBLW
|
| 049 |
|
|
|a TXAM
|c [A12608861]
|
| 050 |
|
4 |
|a TA418.38
|b .R43 1987
|
| 111 |
2 |
|
|a Residual Stress in Design, Process and Materials Selection
|d (1987 :
|c Cincinnati, Ohio)
|
| 245 |
1 |
0 |
|a Proceedings of ASM's Conference on Residual Stress :
|b In Design, Process and Materials Selection, Cincinnati, Ohio, 27-29 April, 1987 /
|c edited by William B. Young ; sponsored by the Residual Stress Committee of the Highway/Off-Highway Vehicles Division of ASM International.
|
| 264 |
|
1 |
|a [Metals Park, Ohio] :
|b ASM International,
|c [1987]
|
| 264 |
|
4 |
|c ©1987
|
| 300 |
|
|
|a ix, 209 pages :
|b illustrations ;
|c 29 cm.
|
| 336 |
|
|
|a text
|b txt
|2 rdacontent
|
| 337 |
|
|
|a unmediated
|b n
|2 rdamedia
|
| 338 |
|
|
|a volume
|b nc
|2 rdacarrier
|
| 504 |
|
|
|a Includes bibliographies.
|
| 650 |
|
0 |
|a Residual stresses
|v Congresses.
|
| 650 |
|
0 |
|a Metals
|x Fatigue
|v Congresses.
|
| 700 |
1 |
|
|a Young, William B.
|
| 710 |
2 |
|
|a ASM International.
|b Highway/Off-highway Vehicles Division.
|b Residual Stress Committee.
|
| 999 |
|
|
|a MARS
|
| 999 |
f |
f |
|s bbdda916-8272-3590-b004-e3a580a37707
|i 287b888f-177e-3ba6-a5b2-129254dd383f
|t 0
|
| 952 |
f |
f |
|p ric
|a Texas A&M University
|b Rellis Campus
|c Joint Library Facility
|d Remote Storage
|t 0
|e TA418.38 .R43 1987
|h Library of Congress classification
|i unmediated -- volume
|m A14812608861
|
| 998 |
f |
f |
|a TA418.38 .R43 1987
|t 0
|l Remote Storage
|